[Event "PCA/Intel-GP"]
[Site "New York"]
[Date "1995.??.??"]
[Round "2"]
[White "Kramnik, Vladimir"]
[Black "Ehlvest, Jaan"]
[Result "1/2-1/2"]
[WhiteElo "2715"]
[BlackElo "2615"]

1.Nf3 c5 2.c4 Nf6 3.Nc3 e6 4.g3 b6 5.Bg2 Bb7 6.O-O a6 7.d4 cxd4 8.Qxd4 d6
9.Rd1 Be7 10.b3 Nbd7 11.e4 Qc8 12.Bb2 O-O 13.Qe3 Qc7 14.Nd4 Rfe8 15.h3 Rac8
16.Re1 Bf8 17.Re2 Qb8 18.Rd1 g6 19.Qd2 Qa8 20.Qe1 Nc5 21.Nc2 Ncd7 22.Na4 b5
23.Bxf6 bxa4 24.Bb2 axb3 25.axb3 Nc5 26.Nb4 Qb8 27.Nd3 e5 28.Nxc5 dxc5 29.Qc3 Bc6
30.h4 Rcd8 31.Rxd8 Qxd8 32.Rd2 Qa8 33.Qe3 h5 34.f4 Bg7 35.f5 gxf5 36.exf5 Bxg2
37.Rxg2 Rd8 38.Qg5 f6 39.Qxh5 Qe4 40.Kh2 Qb1 41.Qf3 Rd1 42.Re2 e4 43.Qg2 Qd3
44.Kh3 Rh1+ 45.Kg4 Qd1 46.Qxe4 Rh2 47.Qe8+  1/2-1/2

[Event "PCA/Intel-GP"]
[Site "Paris"]
[Date "1995.??.??"]
[Round "3"]
[White "Kramnik, Vladimir"]
[Black "Lautier, Joel"]
[Result "1/2-1/2"]
[WhiteElo "2730"]
[BlackElo "2645"]

1.Nf3 c5 2.c4 Nc6 3.d4 cxd4 4.Nxd4 e6 5.Nc3 Nf6 6.a3 Bc5 7.e3 O-O 8.Be2 d5
9.cxd5 exd5 10.O-O Bd6 11.b4 Ne5 12.Bb2 a6 13.Qb3 Bc7 14.Rfd1 Qd6 15.g3 Be6
16.Rac1 Qe7 17.b5 Bd6 18.Bf1 Bg4 19.Be2 Be6 20.Bf1 Rfd8 21.Bg2 Nc4 22.Nxd5 Bxd5
23.Nf5 Qd7 24.Bxf6 Bxg2 25.Qxc4 Qxf5 26.Bxd8 axb5 27.Qh4 Be4 28.Rd4 Ra4 29.Be7 Rxd4
30.exd4 h6 31.Bxd6 Qf3 32.Kf1 Bd3+ 33.Kg1 Be4 34.Kf1 Bd3+  1/2-1/2

[Event "Amsterdam VSB"]
[Site "Amsterdam"]
[Date "1996.??.??"]
[Round "3"]
[White "Kramnik, Vladimir"]
[Black "Piket, Jeroen"]
[Result "1/2-1/2"]
[WhiteElo "2775"]
[BlackElo "2570"]

1.Nf3 Nf6 2.c4 g6 3.Nc3 Bg7 4.d4 O-O 5.e4 d6 6.Be2 Bg4 7.Be3 Nfd7 8.Rc1 a6
9.d5 Bxf3 10.Bxf3 b5 11.cxb5 axb5 12.Qb3 c5 13.Qxb5 Qa5 14.Qxa5 Rxa5 15.a3 Nb6
16.Ke2 N8d7 17.Bd2 Rb8 18.Rc2 Na4 19.b4  1/2-1/2

[Event "Amsterdam VSB"]
[Site "Amsterdam"]
[Date "1996.??.??"]
[Round "4"]
[White "Kramnik, Vladimir"]
[Black "Lautier, Joel"]
[Result "1/2-1/2"]
[WhiteElo "2775"]
[BlackElo "2630"]

1.Nf3 d5 2.d4 e6 3.c4 dxc4 4.e3 c5 5.Bxc4 Nf6 6.O-O a6 7.dxc5 Bxc5 8.Bd3 Nc6
9.a3 Bd6 10.Qe2 O-O 11.Nbd2 Qc7 12.Ra2 Ne5 13.Nxe5 Bxe5 14.f4 Bd6 15.b4 e5
16.Ne4 Nxe4 17.Bxe4 exf4 18.exf4 Bd7 19.Qd3 h6 20.Rd2 Qb6+ 21.Rff2 Bc6 22.Bxc6  1/2-1/2

[Event "Amsterdam VSB"]
[Site "Amsterdam"]
[Date "1996.??.??"]
[Round "9"]
[White "Short, Nigel D"]
[Black "Kramnik, Vladimir"]
[Result "1/2-1/2"]
[WhiteElo "2665"]
[BlackElo "2775"]

1.e4 c5 2.Nf3 Nc6 3.d4 cxd4 4.Nxd4 Nf6 5.Nc3 d6 6.Be2 e5 7.Nf3 h6 8.O-O Be7
9.Re1 O-O 10.h3 Be6 11.Rf1 Qa5 12.Bd2 Qd8 13.Bc1 Qa5 14.Bd2  1/2-1/2

[Event "EUCup Gr4"]
[Site "Berlin"]
[Date "1996.??.??"]
[Round "3"]
[White "Kramnik, Vladimir"]
[Black "Glek, Igor V"]
[Result "1-0"]
[WhiteElo "2765"]
[BlackElo "2670"]

1.Nf3 Nf6 2.c4 g6 3.Nc3 Bg7 4.e4 d6 5.d4 O-O 6.Be2 e5 7.O-O exd4 8.Nxd4 Re8
9.f3 Nc6 10.Be3 Nh5 11.Nxc6 bxc6 12.Qd2 f5 13.exf5 Bxf5 14.Bd4 Nf6 15.Rfe1 c5
16.Bf2 Qd7 17.Rad1 Qf7 18.b3 a6 19.Bf1 Bd7 20.Rxe8+ Bxe8 21.a3 Rb8 22.Rb1 Bc6
23.b4 Nd7 24.bxc5 Rxb1 25.Nxb1 Nxc5 26.Nc3 h6 27.Nd5 g5 28.Qb4 Bxd5 29.cxd5 Be5
30.Bxc5 dxc5 31.Qe4 Bd4+ 32.Kh1 a5 33.g3 Kf8 34.Kg2 Qf6 35.Bc4 Qe5 36.Qh7 Qd6
37.a4 Bg7 38.Qf5+ Ke7 39.Bb5 c4 40.Bxc4 Qe5 41.Qc8 Qd6 42.Bb5 Kf6 43.Qa8 Bf8
44.Qxa5 Qxd5 45.Qxc7 Qa2+ 46.Kh3 Qe6+ 47.Kg2 Qa2+ 48.Kh3 Qe6+ 49.g4 Bd6 50.Qh7 Bf8
51.Bd3 Qd5 52.Qg6+ Ke7 53.Qf5 Qd6 54.a5 Bg7 55.a6 Bd4 56.Qe4+ Kd8 57.Qa8+ Kc7
58.Qb7+ Kd8 59.Kg2 Bb6 60.Qa8+ Ke7 61.a7  1-0

[Event "WDR-TVCup"]
[Site "Cologne"]
[Date "1996.??.??"]
[Round "?"]
[White "Anand, Viswanathan"]
[Black "Kramnik, Vladimir"]
[Result "1/2-1/2"]
[WhiteElo "2735"]
[BlackElo "2765"]

1.d4 d5 2.c4 e6 3.Nc3 Be7 4.Nf3 Nf6 5.Bg5 h6 6.Bh4 O-O 7.e3 Ne4 8.Bxe7 Qxe7
9.Rc1 Nxc3 10.Rxc3 c6 11.Bd3 Nd7 12.O-O dxc4 13.Bxc4 b6 14.Bd3 c5 15.Be4 Rb8
16.Qa4 Bb7 17.Bxb7 Rxb7 18.Rd1 b5 19.Qb3 a5 20.dxc5 Nxc5 21.Qc2 Na6 22.a3 b4
23.Rc6 Rc7 24.Nd4 bxa3 25.bxa3 Rfc8 26.Rxc7 Qxc7 27.Qe2 Qc4 28.Qf3 Nc7 29.h3  1/2-1/2

[Event "Chess Classics"]
[Site "Frankfurt"]
[Date "1996.??.??"]
[Round "4"]
[White "Leko, Peter"]
[Black "Kramnik, Vladimir"]
[Result "1/2-1/2"]
[WhiteElo "2625"]
[BlackElo "2775"]

1.e4 c5 2.Nf3 Nc6 3.d4 cxd4 4.Nxd4 Nf6 5.Nc3 d6 6.Bg5 e6 7.Qd2 a6 8.O-O-O Nxd4
9.Qxd4 Be7 10.f4 b5 11.Bxf6 gxf6 12.Be2 Qc7 13.Bf3 Bb7 14.f5 h5 15.Kb1 Qc5
16.Qd2 O-O-O 17.a3 Kb8 18.Qe2 h4 19.Rhe1 Qe5 20.Qf2 Rc8 21.Nd5 Bd8 22.Nb4 Ba5
23.Qd4 Qxd4 24.Rxd4 Rcd8 25.h3 Rhg8 26.Bg4 e5 27.Rd3 d5 28.exd5 Bxb4 29.axb4 Rxd5
30.Rxd5 Bxd5 31.Re2 Kc7 32.Kc1 Kd6 33.Kd2 Rc8 34.c3 Rc4 35.Rf2 Rc8 36.Kc1  1/2-1/2

[Event "Geneve Credit Suisse"]
[Site "Geneve"]
[Date "1996.??.??"]
[Round "1.8"]
[White "Kortschnoj, Viktor"]
[Black "Kramnik, Vladimir"]
[Result "1/2-1/2"]
[WhiteElo "2635"]
[BlackElo "2765"]

1.d4 d5 2.c4 c6 3.Nf3 Nf6 4.Nc3 e6 5.g3 Nbd7 6.Bg2 dxc4 7.O-O Be7 8.e4 O-O
9.Bf4 b5 10.d5 cxd5 11.exd5 Qb6 12.d6 Bd8 13.Be3 Qa6 14.Nxb5 Nd5 15.a4 Nxe3
16.fxe3 Bb7 17.Qc2 Rc8 18.Rfd1 Qb6 19.Nfd4 Bxg2 20.Qxg2 a6 21.a5 Qc5 22.Qb7 axb5
23.Qxd7 Bg5 24.Kg2 Bxe3 25.Nxe6 fxe6 26.Qxe6+ Kh8 27.d7 Rf2+ 28.Kh1 Rxh2+  1/2-1/2

[Event "Amber-blind 5th"]
[Site "Monte Carlo"]
[Date "1996.??.??"]
[Round "3"]
[White "Kramnik, Vladimir"]
[Black "Shirov, Alexei"]
[Result "1/2-1/2"]
[WhiteElo "2775"]
[BlackElo "2690"]

1.Nf3 d5 2.d4 Nf6 3.c4 c6 4.Nc3 e6 5.Bg5 dxc4 6.e4 b5 7.e5 h6 8.Bh4 g5 9.Nxg5 hxg5
10.Bxg5 Nbd7 11.g3 Bb7 12.Bg2 Qb6 13.exf6 O-O-O 14.O-O c5 15.d5 b4 16.Rb1 Qa6
17.dxe6 Bxg2 18.e7 Bxf1 19.Kxf1 Qc6 20.exd8=Q+ Kxd8 21.Nd5 Rxh2 22.Kg1 Rh8
23.Bf4 Bd6 24.Bxd6 Qxd6 25.Qf3 Ne5 26.Qe4 Re8 27.Ne3 Nc6 28.Qf3 Kc7 29.Nxc4 Qd4
30.b3 Qe4 31.Qxe4 Rxe4 32.Kg2 Ne5 33.Ne3 Kd7 34.Rh1 Ke6 35.Rh8 Kxf6 36.Rc8 Nd3
37.Ra8 Rd4 38.Rxa7 Kg6 39.f4 Nc1 40.Nc4 f6 41.Ra6 Re4 42.Kf3 Re2 43.Ne5+ Kg7
44.Ra7+ Kh6 45.Nd3 Rc2 46.Nxc1 Rxc1 47.Ke4 Kg6 48.f5+ Kh5 49.Rh7+ Kg4 50.Rg7+ Kh3
51.Kd5 Rc2 52.Rg6 Rxa2 53.Rxf6 Rb2 54.Rh6+ Kxg3 55.f6 Rxb3 56.Rg6+ Kh4 57.f7 Rf3
58.Ke6 b3 59.Rf6  1/2-1/2

[Event "Amber-rapid 5th"]
[Site "Monte Carlo"]
[Date "1996.??.??"]
[Round "6"]
[White "Ivanchuk, Vassily"]
[Black "Kramnik, Vladimir"]
[Result "1-0"]
[WhiteElo "2735"]
[BlackElo "2775"]

1.e4 c5 2.Nf3 Nc6 3.d4 cxd4 4.Nxd4 Nf6 5.Nc3 d6 6.Bg5 e6 7.Qd2 a6 8.O-O-O h6
9.Be3 Nxd4 10.Qxd4 Qc7 11.f4 b5 12.a4 bxa4 13.Qxa4+ Bd7 14.Bb5 Qb7 15.Bxd7+ Qxd7
16.Rd4 Be7 17.Rhd1 O-O 18.e5 Qxa4 19.Rxa4 Ne8 20.Nb5 d5 21.f5 exf5 22.Rxd5 Bg5
23.Bxg5 hxg5 24.c4 g6 25.c5 f4 26.c6 Ng7 27.Nd6 Ne6 28.Rda5 f6 29.exf6 Rxf6
30.Rxa6 Raf8 31.Ne4 R6f7 32.h3 f3 33.gxf3 Rxf3 34.Ra8 Rf1+ 35.Kd2 Rf4 36.Rxf8+ Rxf8
37.Ra7 Rc8 38.Nf6+ Kf8 39.Nd7+ Kg8 40.Ne5 Nd4 41.Ra6 Kg7 42.Kc3 Ne6 43.b4 Kf6
44.Ng4+ Ke7 45.b5 Nc7 46.Ra7 Kd6 47.Kc4 Rf8 48.b6 Nd5 49.Rd7+ Kxc6 50.Rxd5 Rh8
51.Rb5  1-0

[Event "Amber-blind 5th"]
[Site "Monte Carlo"]
[Date "1996.??.??"]
[Round "6"]
[White "Kramnik, Vladimir"]
[Black "Ivanchuk, Vassily"]
[Result "1/2-1/2"]
[WhiteElo "2775"]
[BlackElo "2735"]

1.Nf3 d5 2.d4 Nf6 3.c4 c6 4.Nc3 dxc4 5.a4 Na6 6.e3 Bg4 7.Bxc4 e6 8.h3 Bh5
9.O-O Nb4 10.Qe2 Be7 11.Rd1 O-O 12.g4 Bg6 13.e4 Nd7 14.Ne5 Nxe5 15.dxe5 Qa5
16.f4 Rad8 17.Be3 h6 18.Kg2 Bh7 19.Rxd8 Rxd8 20.Rd1 g5 21.Rxd8+ Bxd8 22.Qd2 gxf4
23.Bxf4 Bb6 24.Bb5 cxb5 25.Bxh6 Bc5 26.Qd7 Bg6 27.Qc8+ Kh7 28.Bg5 Nd5 29.Qxc5 Nxc3
30.Qxc3 Qxa4 31.Kg3 Qxe4 32.Bf6 b4 33.Qc8 Qe1+ 34.Kf4 Qf2+ 35.Kg5 Qd2+ 36.Kh4 Qh6+
37.Kg3 Qe3+  1/2-1/2

[Event "Moscow PCA-GP"]
[Site "Moscow"]
[Date "1996.??.??"]
[Round "1.1"]
[White "Kramnik, Vladimir"]
[Black "Short, Nigel D"]
[Result "0-1"]
[WhiteElo "2775"]
[BlackElo "2665"]

1.Nf3 d5 2.d4 c6 3.c4 Nf6 4.Nc3 dxc4 5.a4 Na6 6.e3 Bg4 7.Bxc4 e6 8.h3 Bh5
9.O-O Nb4 10.Qe2 Be7 11.Rd1 O-O 12.g4 Bg6 13.e4 Nd7 14.Ne5 Nxe5 15.dxe5 Qa5
16.f4 h6 17.Kg2 Rad8 18.Be3 Bh7 19.Rxd8 Rxd8 20.Rd1 a6 21.Bb3 Kh8 22.Rd2 b5
23.axb5 cxb5 24.f5 Nc6 25.Rxd8+ Qxd8 26.Bf4 Bc5 27.Be3 Qb6 28.Bxc5 Qxc5 29.Qf2 Qxe5
30.Qb6 Nd4 31.Bd1 Bg8 32.Bf3 f6 33.Ne2 Nxe2 34.Bxe2 Qxe4+ 35.Bf3 Qc2+ 36.Qf2 Qxf2+
37.Kxf2 a5 38.fxe6 Bxe6 39.Ke3 b4 40.Bd1 f5 41.Kf4 fxg4 42.hxg4 Kg8 43.Ke5 Kf7
44.Kd6 Kf6 45.b3 g5 46.Kc5 Ke5 47.Kb5 Kd4 48.Kxa5 Kc3 49.Ka4 Bd5  0-1

[Event "Moscow PCA-GP  blitz"]
[Site "Moscow"]
[Date "1996.??.??"]
[Round "1.3"]
[White "Short, Nigel D"]
[Black "Kramnik, Vladimir"]
[Result "1/2-1/2"]
[WhiteElo "2665"]
[BlackElo "2775"]

1.e4 c5 2.d3 Nc6 3.f4 e6 4.Nf3 d5 5.Nbd2 Nf6 6.c3 Be7 7.g3 b6 8.e5 Nd7 9.d4 a5
10.Bb5 Qc7 11.O-O Ba6 12.Bxa6 Rxa6 13.a4 O-O 14.Rf2 cxd4 15.cxd4 Qb7 16.Nb1 b5
17.axb5 Qxb5 18.Nc3 Qc4 19.Be3 Nb4 20.Rd2 Qc6 21.Rc1 Qb7 22.g4 f5 23.exf6 Nxf6
24.Ne5 Nc6 25.Rf2 Nxe5 26.fxe5 Nd7 27.Rxf8+ Nxf8 28.Qe2 Rc6 29.Rf1 Bb4 30.Qf3 Rc7
31.Ne2 Rf7 32.Qxf7+ Qxf7 33.Rxf7 Kxf7 34.b3 Nd7 35.Nf4 Nb6 36.Kf1 a4 37.bxa4 Nxa4
38.Ke2 Nb6 39.Kf3 Nc4 40.Bf2  1/2-1/2

[Event "Moscow PCA-GP"]
[Site "Moscow"]
[Date "1996.??.??"]
[Round "2.1"]
[White "Chernin, Alexander"]
[Black "Kramnik, Vladimir"]
[Result "1/2-1/2"]
[WhiteElo "2595"]
[BlackElo "2775"]

1.d4 d5 2.c4 c6 3.e3 Nf6 4.Bd3 e5 5.Nc3 e4 6.Bc2 Bd6 7.cxd5 cxd5 8.f3 O-O
9.fxe4 Nxe4 10.Nf3 Nxc3 11.bxc3 Nd7 12.O-O Re8 13.e4 dxe4 14.Ng5 Nf6 15.Bb3 Be6
16.Nxe6 fxe6 17.Bg5 Kh8 18.Qe1 Bxh2+ 19.Kh1 Bd6 20.Qh4 Be7 21.Bc2 Qd7 22.Rae1 Rf8
23.Bxf6 Rxf6 24.Rxf6 Bxf6 25.Qxe4 g6 26.Qxe6  1/2-1/2

[Event "Novgorod"]
[Site "Novgorod"]
[Date "1996.??.??"]
[Round "7"]
[White "Kramnik, Vladimir"]
[Black "Ivanchuk, Vassily"]
[Result "1-0"]
[WhiteElo "2765"]
[BlackElo "2730"]

1.d4 d5 2.c4 c6 3.Nf3 Nf6 4.Nc3 e6 5.Bg5 dxc4 6.e4 b5 7.e5 h6 8.Bh4 g5 9.Nxg5 hxg5
10.Bxg5 Nbd7 11.g3 Bb7 12.Bg2 Qb6 13.exf6 c5 14.d5 O-O-O 15.O-O b4 16.Na4 Qd6
17.Bf4 e5 18.Be3 Bh6 19.Qc1 Bxe3 20.Qxe3 Ba6 21.a3 Kb8 22.h4 Rdg8 23.Nxc5 Nxc5
24.axb4 Nb7  1-0

[Event "Yerevan ol (Men)"]
[Site "Yerevan"]
[Date "1996.??.??"]
[Round "5"]
[White "Ye Jiangchuan"]
[Black "Kramnik, Vladimir"]
[Result "1/2-1/2"]
[WhiteElo "2540"]
[BlackElo "2765"]

1.e4 c5 2.Nf3 Nc6 3.d4 cxd4 4.Nxd4 Nf6 5.Nc3 d6 6.Bg5 e6 7.Qd2 a6 8.O-O-O h6
9.Be3 Be7 10.f4 Nxd4 11.Bxd4 b5 12.Kb1 Bb7 13.Bd3 O-O 14.e5 dxe5 15.fxe5 Nd7
16.Ne4 Bxe4 17.Bxe4 Rc8 18.c3 Qc7 19.Qe2 Rfd8 20.Rhf1 Bc5 21.g4 Nf8 22.g5 hxg5
23.Qh5 Qa7 24.Rd3 g6 25.Qxg5 Bxd4 26.Rh3 Bxe5 27.Qxe5 Nh7 28.Bxg6 fxg6 29.Qxe6+ Kg7
30.Qe5+ Kg8 31.Qe6+ Kg7  1/2-1/2

[Event "Yerevan ol (Men)"]
[Site "Yerevan"]
[Date "1996.??.??"]
[Round "8"]
[White "Kramnik, Vladimir"]
[Black "Illescas Cordoba, Miguel"]
[Result "1/2-1/2"]
[WhiteElo "2765"]
[BlackElo "2640"]

1.Nf3 Nf6 2.c4 e6 3.Nc3 Bb4 4.Qb3 c5 5.g3 Nc6 6.Bg2 O-O 7.O-O Qe7 8.d3 h6
9.a3 Ba5 10.e3 Rd8 11.Qc2 a6 12.d4 d5 13.dxc5 Bxc3 14.Qxc3 Qxc5 15.b3 b5
16.Bb2 bxc4 17.bxc4 Bb7 18.Rfc1 dxc4 19.Nd2 Qf8 20.Nxc4 Rab8 21.Qe1 Nd7 22.a4 Nb4
23.Ba3 Bxg2 24.Kxg2 Nd3 25.Qa5 N7c5 26.Rd1 Qe8 27.Bxc5 Qc6+ 28.Kg1  1/2-1/2

[Event "Yerevan ol (Men)"]
[Site "Yerevan"]
[Date "1996.??.??"]
[Round "9"]
[White "Kramnik, Vladimir"]
[Black "Georgiev, Kiril"]
[Result "1/2-1/2"]
[WhiteElo "2765"]
[BlackElo "2620"]

1.Nf3 Nf6 2.c4 e6 3.Nc3 d5 4.d4 Be7 5.Qc2 dxc4 6.e4 Nc6 7.e5 Nb4 8.Qb1 Nfd5
9.Bxc4 c5 10.dxc5 Qa5 11.O-O Qxc5 12.Nxd5 Nxd5 13.Qe4 Bd7 14.Bd2 Bb5 15.b3 O-O
16.Rfc1 Rfc8 17.a4 Bxc4 18.bxc4 Nb6 19.Qxb7 Rc7 20.Qe4 Rac8 21.Be3 Qb4 22.Nd2 Nd5
23.Rcb1 Nc3 24.Rxb4 Nxe4 25.Rb2 Nxd2 26.Rxd2 h5 27.Rc1 Rxc4 28.Rxc4 Rxc4
29.Rd7 Rxa4 30.g3 Bb4 31.Rxa7 Rxa7 32.Bxa7 g5 33.h3 Bc3 34.Bb8 g4 35.hxg4 hxg4
36.f3 gxf3 37.Kf2 Kg7 38.Kxf3 Kg6 39.g4  1/2-1/2

[Event "Dortmund"]
[Site "Dortmund"]
[Date "1997.07.04"]
[Round "1"]
[White "Kramnik, Vladimir"]
[Black "Karpov, Anatoly"]
[Result "1-0"]
[WhiteElo "2770"]
[BlackElo "2745"]

1.Nf3 Nf6 2.c4 b6 3.g3 Bb7 4.Bg2 e6 5.O-O Be7 6.Re1 O-O 7.Nc3 d5 8.cxd5 Nxd5
9.e4 Nxc3 10.bxc3 Nc6 11.d4 Na5 12.h4 Re8 13.h5 h6 14.Ne5 Bd6 15.Bf4 Qe7
16.Qg4 Kh8 17.Nd3 Rad8 18.Rad1 Bc6 19.e5 Ba3 20.Bxc6 Nxc6 21.Re4 Qd7 22.Qf3 Bf8
23.Be3 Na5 24.g4 Nc4 25.g5 Nxe3 26.fxe3 hxg5 27.Rg4 Qe7 28.Rf1 Rd7 29.Qg3 f6
30.e4 Qa3 31.exf6 Qxc3 32.f7 Rc8 33.d5 exd5 34.e5 c5 35.Rf3 c4 36.Nf2 Qe1+
37.Kg2 Be7 38.Rxg5 Bxg5 39.f8=Q+  1-0

[Event "Amber-rapid 6th"]
[Site "Monte Carlo"]
[Date "1997.??.??"]
[Round "1"]
[White "Ivanchuk, Vassily"]
[Black "Kramnik, Vladimir"]
[Result "1/2-1/2"]
[WhiteElo "2740"]
[BlackElo "2740"]

1.d4 Nf6 2.c4 e6 3.Nf3 d5 4.Nc3 Bb4 5.cxd5 exd5 6.Bg5 Nbd7 7.Nd2 Be7 8.e3 O-O
9.Be2 b6 10.b4 c5 11.bxc5 bxc5 12.dxc5 Nxc5 13.O-O Ne6 14.Nf3 Nxg5 15.Nxg5 Qa5
16.Nb5 Bd7 17.Nd4 Ne4 18.Nxe4 dxe4 19.Qc2  1/2-1/2

[Event "Amber-rapid 6th"]
[Site "Monte Carlo"]
[Date "1997.??.??"]
[Round "2"]
[White "Kramnik, Vladimir"]
[Black "Karpov, Anatoly"]
[Result "1/2-1/2"]
[WhiteElo "2740"]
[BlackElo "2760"]

1.Nf3 Nf6 2.c4 b6 3.g3 Bb7 4.Bg2 e6 5.O-O Be7 6.Nc3 O-O 7.Re1 d5 8.cxd5 Nxd5
9.e4 Nxc3 10.bxc3 Nc6 11.d4 Na5 12.Ne5 Bd6 13.f4 Qe8 14.Be3 Rd8 15.Bf2 c5
16.Qe2 Qa4 17.dxc5 bxc5 18.Rab1 Rc8 19.Qd1 Qxd1 20.Rexd1 Bxe5 21.fxe5 a6
22.Rb6 Rc7 23.Bf1 h6 24.g4 Ra8 25.Rdd6 Bxe4 26.Rxa6 Rxa6 27.Bxa6 Nc6 28.Bg3 Ne7
29.c4 Nc6 30.a4 Ra7 31.Bb5 Nd4 32.Ra6 Nxb5 33.axb5 Rd7 34.Rd6 Ra7 35.Ra6 Rd7
36.Rd6 Ra7  1/2-1/2

[Event "Amber-blind 6th"]
[Site "Monte Carlo"]
[Date "1997.??.??"]
[Round "2"]
[White "Karpov, Anatoly"]
[Black "Kramnik, Vladimir"]
[Result "0-1"]
[WhiteElo "2760"]
[BlackElo "2740"]

1.d4 Nf6 2.c4 e6 3.Nf3 d5 4.Nc3 Bb4 5.Qb3 c5 6.cxd5 exd5 7.dxc5 Nc6 8.e3 O-O
9.Be2 Be6 10.Nd4 Bxc5 11.Nxe6 fxe6 12.O-O Qe7 13.Bd2 Kh8 14.Rad1 a6 15.a3 Rad8
16.Bc1 Ba7 17.Qa2 Ne5 18.Nb1 Ne4 19.Qb3 Qh4 20.f3 Nd6 21.g3 Qh3 22.Rf2 Ne4
23.fxe4 Rxf2 24.Kxf2 Qxh2+ 25.Ke1 Qxg3+ 26.Kd2 d4 27.Kc2 Qg2 28.Nc3 d3+ 29.Kb1 Qg5
30.Bf1 Qe7 31.Bh3 Rd6 32.Bd2 b5 33.Na2 Qh4 34.Bxe6 Qxe4 35.Nc3 Qh4 36.Rf1 Rd8
37.e4 Qh2 38.Qd5 Re8 39.Bd7 Nc4 40.Bxe8 Nxd2+ 41.Ka2 Nxf1 42.Qf7 Qf2 43.Qd7 Qd4
44.Qh3 Qc4+ 45.Ka1 Ne3 46.Bg6 h6 47.Qd7 Nc2+ 48.Kb1 Nxa3+ 49.Ka1 Nc2+ 50.Kb1 Na3+
51.Kc1 Be3+ 52.Kd1 Qb3+ 53.Ke1 Nc2+ 54.Kf1 Qg8 55.Nd5 Qf8+ 56.Bf7 Bg5 57.e5 Nd4
58.e6 d2 59.Nc3 Qd8 60.Kg2 Qxd7 61.exd7 b4 62.Nd1 a5 63.b3 g6 64.Bxg6 Kg7
65.Bh5 Nxb3 66.Ne3 Nc5 67.Nc4 a4 68.Nxd2 a3  0-1

[Event "Amber-blind 6th"]
[Site "Monte Carlo"]
[Date "1997.??.??"]
[Round "3"]
[White "Kramnik, Vladimir"]
[Black "Ljubojevic, Ljubomir"]
[Result "1-0"]
[WhiteElo "2740"]
[BlackElo "2570"]

1.d4 Nf6 2.Nf3 g6 3.c4 Bg7 4.Nc3 d5 5.cxd5 Nxd5 6.e4 Nxc3 7.bxc3 O-O 8.Be2 b6
9.O-O Bb7 10.Qd3 Qd7 11.Bf4 Ba6 12.Qe3 Bxe2 13.Qxe2 Nc6 14.Rad1 e6 15.h4 h6
16.Rfe1 Rad8 17.Qd2 Kh7 18.Qc2 f6 19.Bc1 Qf7 20.c4 e5 21.d5 Na5 22.c5 c6
23.cxb6 axb6 24.h5 g5 25.Bd2 cxd5 26.exd5+ Kh8 27.Bxa5 bxa5 28.d6 Qxh5 29.Qf5 Qf7
30.d7 Qxa2 31.Nd2 a4 32.Ne4 Qg8 33.Nc5 Ra8 34.Ne6 Rfb8 35.Re3 a3 36.Rxa3  1-0

[Event "Amber-rapid 6th"]
[Site "Monte Carlo"]
[Date "1997.??.??"]
[Round "6"]
[White "Van Wely, Loek"]
[Black "Kramnik, Vladimir"]
[Result "1/2-1/2"]
[WhiteElo "2645"]
[BlackElo "2740"]

1.d4 Nf6 2.c4 e6 3.Nf3 d5 4.Nc3 Bb4 5.Bg5 Nbd7 6.cxd5 exd5 7.e3 c5 8.Bb5 Qa5
9.O-O Bxc3 10.Bxd7+ Nxd7 11.bxc3 O-O 12.Be7 Re8 13.Bxc5 Nxc5 14.dxc5 Qxc5
15.Qb3 b6 16.Rfd1 Be6 17.Nd4 Rac8 18.Rac1 Re7 19.h3 h6 20.Rd2 Qa5 21.Qb2 Rec7
22.Ne2 Rc4 23.Rd4 Rxd4 24.Nxd4 Bd7 25.Nb3 Qa4 26.Rd1 Be6 27.Qd2 Qa3 28.Rc1 Rc4
29.Nd4 Bd7 30.Ne2 Rc5 31.Nf4 Bf5 32.f3 Ra5 33.g4 Be6 34.Rc2 Rb5 35.Kf2 Qe7
36.Kg2 f6 37.Rb2 Rxb2 38.Qxb2 Bf7 39.Kf2 Qe5 40.Ke2 g5 41.Nd3 Qc7 42.Qb4 Kg7
43.Qd4 Qh2+ 44.Nf2 Qd6 45.Qb4 Qxb4 46.cxb4 d4 47.a3 Bc4+ 48.Kd2 dxe3+ 49.Kxe3 Bf1
50.Ne4 f5 51.gxf5 Bxh3 52.Ng3 Kf6 53.Ke4 Bg2 54.Nh5+ Kf7 55.Ke3 Bh3 56.Ke4 Bg2
57.Ke3 Ke7 58.f4 Bd5 59.fxg5 hxg5 60.Kd4 Bf7 61.Ng3 Kf6 62.a4 Bb3 63.a5 Bf7
64.axb6 axb6 65.Ke4 Be8 66.Kd5 Bd7 67.Kd6 Bxf5 68.Kc6 Bd3 69.Kxb6 Ke5 70.b5 Kf4
71.Nh5+ Kg4 72.Nf6+  1/2-1/2

[Event "Amber-blind 6th"]
[Site "Monte Carlo"]
[Date "1997.??.??"]
[Round "11"]
[White "Lautier, Joel"]
[Black "Kramnik, Vladimir"]
[Result "1-0"]
[WhiteElo "2630"]
[BlackElo "2740"]

1.d4 Nf6 2.c4 e6 3.Nc3 Bb4 4.e3 O-O 5.Bd3 c5 6.Nf3 d5 7.O-O Nc6 8.a3 Bxc3
9.bxc3 Qc7 10.cxd5 exd5 11.Nh4 Qa5 12.Bb2 c4 13.Bc2 Ne4 14.Qe1 Qd8 15.f3 Nd2
16.Qxd2 Qxh4 17.e4 Be6 18.Rae1 f5 19.a4 fxe4 20.Ba3 Rf7 21.fxe4 Qh5 22.Rxf7 Bxf7
23.Rf1 dxe4 24.Bxe4 Re8 25.Qf4 Nd8 26.Bf5 Qe2 27.Qh4 h5 28.Bc1 Bd5 29.Qg3 Rf8
30.Qg6 Rxf5 31.Rxf5 Qe4 32.Rf6 Qe1+ 33.Rf1 Qe2 34.Qg5  1-0

[Event "Amber-rapid 6th"]
[Site "Monte Carlo"]
[Date "1997.??.??"]
[Round "11"]
[White "Kramnik, Vladimir"]
[Black "Lautier, Joel"]
[Result "1/2-1/2"]
[WhiteElo "2740"]
[BlackElo "2630"]

1.Nf3 d5 2.d4 e6 3.c4 dxc4 4.e3 Nf6 5.Bxc4 c5 6.O-O a6 7.dxc5 Qxd1 8.Rxd1 Bxc5
9.Nbd2 Nbd7 10.Be2 b6 11.Nc4 Bb7 12.b3 O-O 13.Bb2 Bd5 14.Rac1 Rfc8 15.Nfe5 b5
16.Nxd7 Nxd7 17.Nd2 Bb4 18.Nb1 Nb6 19.f3 Rxc1 20.Rxc1 Rc8 21.Rxc8+ Nxc8 22.Ba3 Bxa3
23.Nxa3 b4 24.Nc2 a5 25.Ba6 Nb6 26.e4 Bc6 27.Kf2  1/2-1/2

[Event "Hoogovens Blitz"]
[Site "Wijk aan Zee"]
[Date "1998.01.19"]
[Round "2"]
[White "Kramnik, Vladimir"]
[Black "Nijboer, Friso"]
[Result "1-0"]
[WhiteElo "2790"]
[BlackElo "2580"]

1.e4 Nf6 2.e5 Nd5 3.d4 d6 4.Nf3 Bg4 5.Be2 e6 6.c4 Nb6 7.exd6 cxd6 8.Nbd2 Be7
9.O-O O-O 10.h3 Bh5 11.b3 Nc6 12.Bb2 d5 13.c5 Nc8 14.a3 Bf6 15.b4 a6 16.Re1 h6
17.Nf1 Bxf3 18.Bxf3 N8e7 19.Ne3 g6 20.Qd2 Bg7 21.a4 h5 22.b5 Na5 23.Qb4 Nf5
24.Nxf5 exf5 25.Rac1 axb5 26.axb5 Nc4 27.Rxc4 dxc4 28.Bxb7 Rb8 29.Bf3 g5
30.Qxc4 g4 31.hxg4 hxg4 32.Bc6 f4 33.Qe2 f3 34.gxf3 g3 35.fxg3 Bxd4+ 36.Bxd4 Qxd4+
37.Qe3 Qf6 38.Qe5 Qxe5 39.Rxe5 Rfd8 40.b6 Kg7 41.Be4 Rd2 42.Rd5 Rb2 43.Rd1 Rb5
44.Rc1 Rd8 45.Rc2 Rd1+ 46.Kf2  1-0

[Event "Hoogovens Blitz"]
[Site "Wijk aan Zee"]
[Date "1998.01.19"]
[Round "5"]
[White "Adams, Michael"]
[Black "Kramnik, Vladimir"]
[Result "1-0"]
[WhiteElo "2670"]
[BlackElo "2790"]

1.d4 d5 2.Bg5 c6 3.Nf3 Bg4 4.Nbd2 Nf6 5.Bxf6 exf6 6.e3 Nd7 7.c4 dxc4 8.Bxc4 Bd6
9.Be2 O-O 10.O-O f5 11.g3 Nf6 12.Re1 Re8 13.Nc4 Bb4 14.Rf1 Bh3 15.a3 Bxf1
16.Bxf1 Bf8 17.Nce5 Ne4 18.Qb3 Qc7 19.Nxf7 g6 20.Nd6+ Kg7 21.Nxe8+ Rxe8 22.Bd3 Nf6
23.Rc1 Bd6 24.Bb1 Qe7 25.Qc4 Nd5 26.Re1 Qf6 27.Kg2 g5 28.Qd3 Rf8 29.e4 fxe4
30.Qxe4 Rh8 31.Qg4 h5 32.Qd7+ Be7 33.Re6 Rd8 34.Rxf6 Rxd7 35.Rg6+ Kf7 36.Ne5+  1-0

[Event "Hoogovens Blitz"]
[Site "Wijk aan Zee"]
[Date "1998.01.19"]
[Round "7"]
[White "Gelfand, Boris"]
[Black "Kramnik, Vladimir"]
[Result "1/2-1/2"]
[WhiteElo "2675"]
[BlackElo "2790"]

1.c4 c5 2.Nf3 Nc6 3.Nc3 Nd4 4.Ne5 Nc6 5.Nf3 Nd4 6.e3 Nxf3+ 7.Qxf3 g6 8.d4 Bg7
9.Qd1 cxd4 10.exd4 Nh6 11.Bd3 d6 12.O-O O-O 13.h3 Nf5 14.d5 Bd7 15.Re1 Re8
16.Bg5 h6 17.Bd2 Rc8 18.Rc1 a6 19.b3 Qb6 20.Ne4 Qa7 21.b4 e6 22.dxe6 Rxe6
23.Nc3 Bd4 24.Qf3 Bc6 25.Nd5 Bxd5 26.cxd5 Rxc1 27.dxe6 Rxe1+ 28.Bxe1 fxe6
29.Qe4 Be5 30.g4 Ne7 31.Bd2 Qd4 32.Bxh6 Qxe4 33.Bxe4 d5 34.Bd3 Kf7 35.Bd2 Bd6
36.b5 axb5 37.Bxb5 e5 38.f3 Bc5+ 39.Kg2 Nc8 40.h4 Nd6 41.Bd3 e4 42.fxe4 dxe4
43.Be2 Bd4 44.Bf4 Ke6 45.h5 gxh5 46.gxh5 Nf5 47.h6 Kf6 48.Bg4 Ne3+ 49.Bxe3 Bxe3
50.h7  1/2-1/2

[Event "Hoogovens Blitz"]
[Site "Wijk aan Zee"]
[Date "1998.01.19"]
[Round "8"]
[White "Kramnik, Vladimir"]
[Black "Shirov, Alexei"]
[Result "1/2-1/2"]
[WhiteElo "2790"]
[BlackElo "2710"]

1.e4 e5 2.Nf3 Nc6 3.Bc4 Nf6 4.d3 Bc5 5.c3 d6 6.Bb3 h6 7.h3 Be6 8.Ba4 Bb6
9.d4 exd4 10.cxd4 d5 11.e5 Ne4 12.O-O O-O 13.Nc3 Ne7 14.Re1 c5 15.Nxe4 dxe4
16.dxc5 exf3 17.cxb6 fxg2 18.Qxd8 Rfxd8 19.bxa7 Rxa7 20.Bb5 Rxa2 21.Rxa2 Bxa2
22.Kxg2 Bd5+ 23.Kg3 Nf5+ 24.Kf4 Nd4 25.Bd3 Be6 26.Be4 Bxh3 27.Bxb7 Bc8 28.Be4 Ne6+
29.Kg3 Nc5 30.Bc2 Be6 31.Be3 Rc8 32.Rc1 Nd7 33.Bh7+ Kxh7 34.Rxc8 Nxe5 35.Rc7 Nd3
36.Bd4 g5 37.Rb7 h5 38.b4 h4+ 39.Kh2 Ne1 40.Be3 Nf3+ 41.Kg2 h3+ 42.Kxf3 Bd5+  1/2-1/2

[Event "Hoogovens Blitz"]
[Site "Wijk aan Zee"]
[Date "1998.01.19"]
[Round "9"]
[White "Karpov, Anatoly"]
[Black "Kramnik, Vladimir"]
[Result "1/2-1/2"]
[WhiteElo "2735"]
[BlackElo "2790"]

1.c4 e5 2.g3 Nc6 3.Bg2 g6 4.Nc3 Bg7 5.d3 Nf6 6.Rb1 O-O 7.b4 a6 8.e3 d6 9.Nge2 Be6
10.Nd5 Rb8 11.O-O Qd7 12.Nec3 Ne7 13.Nxf6+ Bxf6 14.a4 Bg7 15.b5 axb5 16.axb5 Bh3
17.Bxh3 Qxh3 18.Qf3 Qd7 19.Bd2 c6 20.e4 f5 21.Bg5 fxe4 22.Qxe4 Nf5 23.Kg2 h6
24.Bd2 Rbd8 25.bxc6 bxc6 26.Ne2 d5 27.cxd5 cxd5 28.Qb4 Kh7 29.Qb7 Qe8 30.Qb4 e4
31.dxe4 dxe4 32.Bc3 e3 33.Bxg7 Qc6+ 34.Kg1 exf2+ 35.Rxf2 Kxg7 36.Qb7+  1/2-1/2